Riding the bull, beating the bear (Бичлэгийн дугаар. 145327)
| 000 -УДИРДЛАГА | |
|---|---|
| Удирдлага | 00924nam a22002897a 4500 |
| 003 - ХЯНАЛТЫН ТОО ТОДОРХОЙЛОГЧ | |
| Код | MN-UlNUM |
| 005 - БИЧИЛТ ХИЙСЭН ОГНОО | |
| Тухайн бичилтийг бичсэн засварласан сүүлийн огноо | 20251105160843.0 |
| 008 - ЕРӨНХИЙ МЭДЭЭЛЭЛ | |
| Ерөнхий мэдээлэл | 251105s2002 nyuab||| |||| 001 0 eng d |
| 020 ## - ISBN | |
| ISBN | 0471208035 |
| 040 ## - БИЧЛЭГ ҮҮСГЭГЧ БАЙГУУЛЛАГА | |
| Бичлэг үүсгэгч номын сангийн код | МУИС-ийн номын сан |
| 084 ## - ББК АНГИЛАЛ | |
| Нэмэлт тусгалт | Нэг сэдэвт бүтээл |
| ББК ангилал | 65.56 |
| Зохиогчийн гурван тэмдэгт | Y 18 |
| Мэдлэгийн ялгаа | 65 - Эдийн засаг |
| 100 1# - ЗОХИОГЧ | |
| Зохиогчийн нэр | Yanis, Edward M. |
| 245 10 - ҮНДСЭН ГАРЧИГ | |
| Номын нэр | Riding the bull, beating the bear |
| Бага гарчгийн мэдээ | market timing for the long-term investor |
| Оролцогчдын тухай мэдээ | Edward M. Yanis. |
| 260 ## - ГАРАЛТЫН МЭДЭЭ | |
| Хэвлэгдсэн газар | New York : |
| Хэвлэлийн газар | Wiley, |
| Хэвлэгдсэн он | 2002. |
| 300 ## - МАТЕРИАЛЫН ТОДОРХОЙЛОЛТ | |
| хуудасны тоо | xxi, 256 p. : |
| Бусад тоон мэдээлэл | ill. ; |
| Хэмжээ | 24 cm. |
| 500 ## - Тайлбар | |
| Дансны дугаар | БС 1916 |
| 546 ## - ХЭЛНИЙ ТУХАЙ МЭДЭЭ | |
| Хэл | Англи хэл дээр, |
| 653 ## - Түлхүүр үг | |
| Түлхүүр үг | Investment analysis |
| 653 ## - Түлхүүр үг | |
| Түлхүүр үг | Stock price forecasting |
| 653 ## - Түлхүүр үг | |
| Түлхүүр үг | Portfolio management. |
| 740 ## - НОМЫН ГАРЧИГ | |
| Гарчиг | Accumulating Wealth Begins with Six Simple Tenets |
| 740 ## - НОМЫН ГАРЧИГ | |
| Гарчиг | Investment Choices for the Prudent Investor |
| 740 ## - НОМЫН ГАРЧИГ | |
| Гарчиг | Mutual Funds: The Ideal Investment for Beginners |
| 740 ## - НОМЫН ГАРЧИГ | |
| Гарчиг | The Psychology of Investing |
| 942 ## - ЭЛЕМЕНТИЙН ТӨРӨЛ | |
| Зүйлийн төрөл | Ном |
